La négociation des savoirs dans la structuration d’une communauté thématique de chercheurs : un enjeu de professionnalisation (notice n° 2059074)

détails MARC
000 -LEADER
fixed length control field 02223cam a2200265 4500500
005 - DATE AND TIME OF LATEST TRANSACTION
control field 20260405002603.0
041 ## - LANGUAGE CODE
Language code of text/sound track or separate title fre
042 ## - AUTHENTICATION CODE
Authentication code dc
100 10 - MAIN ENTRY--PERSONAL NAME
Personal name Roux, Magali
Relator term author
245 00 - TITLE STATEMENT
Title La négociation des savoirs dans la structuration d’une communauté thématique de chercheurs : un enjeu de professionnalisation
260 ## - PUBLICATION, DISTRIBUTION, ETC.
Date of publication, distribution, etc. 2026.<br/>
500 ## - GENERAL NOTE
General note 72
520 ## - SUMMARY, ETC.
Summary, etc. En étudiant un réseau thématique de chercheurs, nous analysons en quoi et comment la négociation des savoirs participe à la professionnalisation de ses membres. Quatre dynamiques sont ici à l’œuvre: des transactions identitaires (les identités professionnelles se redéfinissent, Dubar, 2008) ; la transaction sociale (les membres du réseau se confrontent aux positionnements et pratiques des uns et des autres, Stoessel-Ritz et Blanc, 2020) ; un travail institutionnel (les modes de coopération et les rapports de pouvoir se reconfigurent, Lawrence et Suddaby, 2006) ; et la traduction (Akrich, Callon, Latour, 2006) entre chercheurs du réseau, mais aussi entre les chercheurs et accompagnatrices du réseau.
520 ## - SUMMARY, ETC.
Summary, etc. By studying a thematic network of researchers, we analyze how and in what ways the negotiation of knowledge contributes to the professionalisation of its members. Four dynamics are at work here: identity transactions (professional identities are redefined; Dubar 2008); social transactions (network members engage with and challenge each other’s positions and practices; Stoessel-Ritz and Blanc 2020); institutional work (modes of governance, cooperation, and power relations are reconfigured; Lawrence and Suddaby 2006); and translation (Akrich et al. 2006) between researchers in the network, but also between researchers and network facilitators.
690 ## - LOCAL SUBJECT ADDED ENTRY--TOPICAL TERM (OCLC, RLIN)
Topical term or geographic name as entry element négociation des savoirs
690 ## - LOCAL SUBJECT ADDED ENTRY--TOPICAL TERM (OCLC, RLIN)
Topical term or geographic name as entry element traduction
690 ## - LOCAL SUBJECT ADDED ENTRY--TOPICAL TERM (OCLC, RLIN)
Topical term or geographic name as entry element transaction sociale
690 ## - LOCAL SUBJECT ADDED ENTRY--TOPICAL TERM (OCLC, RLIN)
Topical term or geographic name as entry element knowledge negotiation
690 ## - LOCAL SUBJECT ADDED ENTRY--TOPICAL TERM (OCLC, RLIN)
Topical term or geographic name as entry element social transaction
690 ## - LOCAL SUBJECT ADDED ENTRY--TOPICAL TERM (OCLC, RLIN)
Topical term or geographic name as entry element translation
700 10 - ADDED ENTRY--PERSONAL NAME
Personal name Waltzing, Aline
Relator term author
700 10 - ADDED ENTRY--PERSONAL NAME
Personal name Ebel Jost, Emmanuelle
Relator term author
786 0# - DATA SOURCE ENTRY
Note Phronesis | 15 | 4 | 2026-03-06 | p. 129-150
856 41 - ELECTRONIC LOCATION AND ACCESS
Uniform Resource Identifier <a href="https://shs.cairn.info/revue-phronesis-2026-4-page-129?lang=fr&redirect-ssocas=7080">https://shs.cairn.info/revue-phronesis-2026-4-page-129?lang=fr&redirect-ssocas=7080</a>

Pas d'exemplaire disponible.

PLUDOC

PLUDOC est la plateforme unique et centralisée de gestion des bibliothèques physiques et numériques de Guinée administré par le CEDUST. Elle est la plus grande base de données de ressources documentaires pour les Étudiants, Enseignants chercheurs et Chercheurs de Guinée.

Adresse

627 919 101/664 919 101

25 boulevard du commerce
Kaloum, Conakry, Guinée

Réseaux sociaux

Powered by Netsen Group @ 2025